Statistics for Countries by partial view of informal map #01

Click here to take the quiz!

General Stats

  • This quiz has been taken 40 times
  • The average score is 13 of 16

Answer Stats

Answer% Correct
Nepal
94%
United States
94%
Afghanistan
92%
Colombia
92%
Iraq
89%
Russia
89%
Spain
89%
Georgia
86%
South Africa
83%
Chile
78%
Libya
78%
Bangladesh
75%
Sudan
75%
Singapore
72%
Netherlands
58%
Monaco
47%

Score Distribution

Percentile by Number Answered

Percent of People with Each Score

Your Score History

You have not taken this quiz